Innovación y emprendimiento en educación superior /

Detalles Bibliográficos
Otros Autores: Mejía Corredor, Carolina (Editor)
Formato: Electrónico eBook
Lenguaje:español
Publicado: Bogotá, D.C. : Universidad EAN, 2018.
Materias:
Acceso en línea:Digitalia Hispánica

MARC

LEADER 00000nam a2200000 i 4500
001 DIGUEAN0014
003 NyNyDIG
006 m o d
007 cr |||||||||||
008 240104s2018 ck a ob 000 0 spa d
035 |a (OCoLC)1419044265 
040 |a DGITA  |b eng  |e rda  |e pn  |c DGITA 
020 |a 9789587565874  |q eBook 
020 |z 9789587566123 
050 1 4 |a LB2395.7 ebook 
245 0 0 |a Innovación y emprendimiento en educación superior /  |c editora, Carolina Mejia Corredor. 
264 1 |a Bogotá, D.C. :  |b Universidad EAN,  |c 2018. 
300 |a 1 online resource :  |b illustrations. 
336 |a text  |b txt  |2 rdacontent 
337 |a computer file  |b c  |2 rdamedia 
338 |a online resource  |b cr  |2 rdacarrier 
347 |a text file  |2 rdaft 
347 |b PDF 
504 |a Includes bibliographical references. 
588 0 |a Online resource; title from PDF title page (Digitalia, viewed January 4, 2024) 
650 0 |a Universities and colleges  |x Administration. 
650 0 |a Education, Higher  |x Effect of technological innovations on. 
650 0 |a Educational innovations. 
700 1 |a Mejía Corredor, Carolina,  |e editor. 
776 0 8 |i Print version:  |t Innovación y emprendimiento en educación superior.  |d Bogotá, D.C. : Universidad EAN, 2018  |z 9789587566123 
791 2 |a Digitalia (Firm),  |e distributor. 
793 0 |g Digitalia eBook Collection:  |a Universidad EAN 
856 4 0 |3 Digitalia Hispánica  |u https://www.digitaliapublishing.com/a/133041/ 
910 |a Premium collection: 2024